00364cam a22001217a 4500008004000000082001800040100001800058245006500076260002800141300001200169650002900181650003200210180718b1959 xxu||||| |||| 00| 0 eng d aT19x5442 D536 aDhekney, B.R. aHubli city : A study in Urban economic lifecby B.R. Dhekney aDharwarbKarnatakc1959 axx,281p aSociology Urban - India. aHubli - Economic conditions